Swamy's compilation of conduct rules: (Record no. 150080)
[ view plain ]
| 000 -LEADER | |
|---|---|
| fixed length control field | 00727nam a22002177a 4500 |
| 005 - DATE AND TIME OF LATEST TRANSACTION | |
| control field | 20180222101733.0 |
| 010 ## - LCCN (DPL NO) | |
| LC control number | B-689594 |
| 020 ## - INTERNATIONAL STANDARD BOOK NUMBER | |
| Terms of availability | 280.00 |
| 035 ## - SYSTEM CONTROL NUMBER | |
| System control number | B-689594 |
| 037 ## - SOURCE OF ACQUISITION | |
| Source of stock number/acquisition | BSB |
| Stock number | dpl |
| 082 ## - DEWEY DECIMAL CLASSIFICATION NUMBER | |
| Classification number | 351.16 |
| 100 ## - MAIN ENTRY--PERSONAL NAME | |
| Personal name | Muthuswamy |
| 245 ## - TITLE STATEMENT | |
| Title | Swamy's compilation of conduct rules: |
| Statement of responsibility, etc | by Muthuswamy |
| Remainder of title | approved as a reference books / |
| 260 ## - PUBLICATION, DISTRIBUTION, ETC. (IMPRINT) | |
| Place of publication, distribution, etc | Chennai |
| Name of publisher, distributor, etc | Swamy Publishers |
| Date of publication, distribution, etc | 2017 |
| 270 ## - ADDRESS | |
| Address | 236, R.K. Mutt Road, Post Box No.2468, |
| City | Chennai |
| Postal code | 600028 |
| 300 ## - PHYSICAL DESCRIPTION | |
| Extent | xvi,239p. |
| Dimensions | 22cm(pbk) |
| 500 ## - GENERAL NOTE | |
| General note | Includes index |
| 505 ## - FORMATTED CONTENTS NOTE | |
| Formatted contents note | Rashtrapati Bhawan |
| 942 ## - ADDED ENTRY ELEMENTS (KOHA) | |
| Source of classification or shelving scheme | Dewey Decimal Classification |
| Item type | English Books |
| Call number suffix | MUT |
| Classification part | 351.16 |
| Withdrawn status | Lost status | Not for loan | Collection code | Home library | Current library | Date acquired | Source of acquisition | Cost, normal purchase price | Full call number | Barcode | Copy number | Cost, replacement price | Koha item type |
|---|---|---|---|---|---|---|---|---|---|---|---|---|---|
| Non-fiction | Mobile Library | Mobile Library | 22/02/2018 | BSB/IN422/16.2.2018/EN/SPL/17-18/770/10.2.2018/16.2.2018 | 280.00 | 351.16 MUT | B-689594 | 1 | 280.00 | English Books |
